| 000 | 00608nam a2200181 i 4500 | ||
|---|---|---|---|
| 001 | 62458 | ||
| 003 | ES-MaACL | ||
| 005 | 20231205164441.0 | ||
| 007 | t| | ||
| 008 | 031121s1940 sp ||||1| spa d | ||
| 100 | 1 |
_aFernández Almagro, Melchor, _d1893-1966 _949447 |
|
| 245 | 1 | 0 |
_aHistoria de la República española _b: (1931-1935) / _cMelchor Fernández Almagro. |
| 260 |
_aMadrid : _bBiblioteca Nueva, _c1940 ( _fGráf. Informaciones) |
||
| 300 |
_a224 p. ; _c20 cm. |
||
| 651 | 4 |
_aEspaña- _xHistoria- _y1931-1939, II República. _98283 |
|
| 852 |
_aES-MaACL _jB-9277 _bR.19352 |
||
| 999 |
_c62458 _d62458 |
||